000 00704cab a2200229 4500
001 X3167
008 090401t1996 xxu||||| |||| 00| 0 eng d
035 _a(Sirsi) u28889
041 _aeng
245 _aLondon Regional Transport v Brandt
260 _c1996
350 _a0
490 _aNew Property Cases
_v(1996) NPC 35, (2)
520 _aThe court refuses to distinguish or not follow "Cow v Casey". (Journal abstract) NOT TO BE PHOTOCOPIED
650 _aDETERMINATION OF LEASE
650 _aLONDON REGIONAL TRANSPORT V BRANDT
650 _aNOTICE TO QUIT
650 _aRENT ACT 1977
690 _aLANDLORD AND TENANT-CASE LAW-RESIDENTIAL TENANCIES
942 _n0
948 _c04/03/1997
999 _c19434
_d19434